[Event "Mittelrhein Verbandsliga Nord 1920"]
[Site "Mittelrhein"]
[Date "2019.11.17"]
[Round "3.3"]
[White "Laschewski, Andreas"]
[Black "Roehrig, Kurt"]
[Result "1/2-1/2"]
[WhiteElo "1931"]
[BlackElo "1795"]
[PlyCount "59"]
[EventDate "2019.09.29"]
[EventType "team-tourn"]
[EventRounds "9"]
[EventCountry "GER"]
[SourceTitle "EXT 2023"]
[Source "ChessBase"]
[SourceDate "2022.10.05"]
[SourceVersion "1"]
[SourceVersionDate "2022.10.05"]
[SourceQuality "1"]
[WhiteTeam "Pulheim"]
[BlackTeam "Koeln Muelheim"]
[WhiteTeamCountry "GER"]
[BlackTeamCountry "GER"]

1. d4 d5 2. Nf3 Nf6 3. Bf4 e6 4. e3 Nbd7 5. Nbd2 Be7 6. Bd3 0-0 7. h3 c6 8. c3 Re8 9. 0-0 Bf8 10. Re1 g6 11. e4 dxe4 12. Nxe4 Nxe4 13. Bxe4 Bg7 14. Qd2 Qb6 15. Rad1 Nf6 16. Bb1 Bd7 17. Ne5 Rad8 18. Bg5 Re7 19. Bxf6 Bxf6 20. Ng4 Bg7 21. Qg5 Rde8 22. Rd2 Qc7 23. Nf6+ Bxf6 24. Qxf6 e5 25. Rde2 Re6 26. Qh4 exd4 27. Rxe6 Rxe6 28. Rxe6 Bxe6 29. Qxd4 Qd7 30. Qxd7 1/2-1/2

[Event "Mittelrhein Verbandsliga-W 17/18"]
[Site "Nordrheinwestfalen"]
[Date "2017.12.03"]
[Round "5.3"]
[White "Chraibi, Mohcine"]
[Black "Laschewski, Andreas"]
[Result "1/2-1/2"]
[WhiteElo "1943"]
[BlackElo "1964"]
[PlyCount "96"]
[EventDate "2017.09.10"]
[EventType "team-tourn"]
[EventRounds "11"]
[EventCountry "GER"]
[SourceTitle "EXT 2022"]
[Source "ChessBase"]
[SourceDate "2021.10.06"]
[SourceVersion "1"]
[SourceVersionDate "2021.10.06"]
[SourceQuality "1"]
[WhiteTeam "Lendersdorf"]
[BlackTeam "Pulheim"]
[WhiteTeamCountry "GER"]
[BlackTeamCountry "GER"]

1. e4 c5 2. Nf3 Nc6 3. d3 g6 4. g3 Bg7 5. Bg2 d6 6. 0-0 e5 7. Nc3 Nge7 8. Nd2 0-0 9. Nc4 Nd4 10. a4 Be6 11. Re1 Qd7 12. Nb5 Nxb5 13. axb5 Qxb5 14. Nxd6 Qc6 15. Nc4 b5 16. Na5 Qc7 17. Be3 Rfd8 18. Qe2 Nc6 19. Nxc6 Qxc6 20. Ra5 a6 21. c4 bxc4 22. dxc4 Bf8 23. Rea1 Qb6 24. Bf1 Bc8 25. f4 Rb8 26. fxe5 Qxb2 27. Qxb2 Rxb2 28. Bxc5 Rdd2 29. Bxf8 Kxf8 30. Rd5 Bb7 31. Rxd2 Rxd2 32. Bg2 Rd4 33. c5 Rc4 34. Ra5 Bxe4 35. Bxe4 Rxe4 36. Rxa6 Rxe5 37. Rc6 Re2 38. Rc7 Re7 39. Rc8+ Re8 40. Rc7 Re7 41. Rc6 Re2 42. g4 Ke7 43. h3 Rc2 44. g5 Kd7 45. Rd6+ Ke7 46. Rc6 Kd7 47. Rf6 Ke7 48. Rc6 Kd7 1/2-1/2

[Event "Mittelrhein Verbandsliga-W 17/18"]
[Site "Nordrheinwestfalen"]
[Date "2017.10.22"]
[Round "3.2"]
[White "Laschewski, Andreas"]
[Black "Henrotte, Nils"]
[Result "1/2-1/2"]
[WhiteElo "1964"]
[BlackElo "1886"]
[PlyCount "122"]
[EventDate "2017.09.10"]
[EventType "team-tourn"]
[EventRounds "11"]
[EventCountry "GER"]
[SourceTitle "EXT 2022"]
[Source "ChessBase"]
[SourceDate "2021.10.06"]
[SourceVersion "1"]
[SourceVersionDate "2021.10.06"]
[SourceQuality "1"]
[WhiteTeam "Pulheim"]
[BlackTeam "Eschweiler SC"]
[WhiteTeamCountry "GER"]
[BlackTeamCountry "GER"]

1. c4 d5 2. Nc3 Nf6 3. cxd5 Nxd5 4. e4 Nxc3 5. bxc3 c6 6. Bc4 b5 7. Bb3 e5 8. Qf3 Qc7 9. Ne2 Bc5 10. 0-0 0-0 11. d4 Be7 12. Be3 Nd7 13. Ng3 c5 14. Nf5 Bf6 15. dxc5 Nxc5 16. Bxc5 Qxc5 17. Nh6+ gxh6 18. Qxf6 Rb8 19. Qxh6 Rb6 20. Qd2 Bb7 21. Rfe1 Rc8 22. Re3 Rd6 23. Rg3+ Rg6 24. Qd7 Rc7 25. Qf5 Kg7 26. Rd1 Bc8 27. Qf3 Bb7 28. Rd8 Qe7 29. Rd3 Rd7 30. Qf5 Rc7 31. h4 Bc8 32. Rxg6+ hxg6 33. Qg5 Qc5 34. h5 Bb7 35. hxg6 fxg6 36. Qe3 Qe7 37. f3 a6 38. Qd2 Qc5+ 39. Qf2 Qe7 40. Qd2 Qc5+ 41. Kf1 Bc6 42. Rd8 b4 43. c4 a5 44. Qd6 Qxd6 45. Rxd6 a4 46. Bc2 Be8 47. Ra6 a3 48. Rb6 Bf7 49. Bb3 Bxc4+ 50. Bxc4 Rxc4 51. Kf2 Rc2+ 52. Kg3 Rxa2 53. Rxb4 Rb2 54. Ra4 a2 55. Kh3 Kh6 56. g3 Kg5 57. Ra5 Kf6 58. Kg4 Rg2 59. Ra6+ Kf7 60. Kh3 Rf2 61. Kg4 Rg2 1/2-1/2

[Event "Mittelrhein Verbandsliga-W 17/18"]
[Site "Nordrheinwestfalen"]
[Date "2017.10.01"]
[Round "2.3"]
[White "Laschewski, Andreas"]
[Black "Horbach, Fabian"]
[Result "1/2-1/2"]
[WhiteElo "1964"]
[BlackElo "1999"]
[PlyCount "104"]
[EventDate "2017.09.10"]
[EventType "team-tourn"]
[EventRounds "11"]
[EventCountry "GER"]
[SourceTitle "EXT 2022"]
[Source "ChessBase"]
[SourceDate "2021.10.06"]
[SourceVersion "1"]
[SourceVersionDate "2021.10.06"]
[SourceQuality "1"]
[WhiteTeam "Pulheim"]
[BlackTeam "Herzogenrath"]
[WhiteTeamCountry "GER"]
[BlackTeamCountry "GER"]

1. d4 Nf6 2. Nf3 e6 3. Bg5 c5 4. e3 Be7 5. c3 b6 6. Nbd2 Bb7 7. Bd3 d6 8. 0-0 Nbd7 9. Qe2 cxd4 10. cxd4 d5 11. Rfc1 0-0 12. Bf4 Ne8 13. Ba6 Bxa6 14. Qxa6 Nd6 15. Rc2 Nb8 16. Qd3 a6 17. Rac1 Ra7 18. Ne5 b5 19. b3 f6 20. Nef3 Qd7 21. h3 b4 22. Bxd6 Bxd6 23. e4 Rc7 24. e5 Rxc2 25. Qxc2 fxe5 26. dxe5 Be7 27. Qc7 Rd8 28. Nd4 Kf7 29. f4 Qxc7 30. Rxc7 Rd7 31. Rc2 Rb7 32. N2f3 Bd8 33. Kf1 h6 34. g4 g6 35. Ke2 Rc7 36. Kd3 Rxc2 37. Nxc2 Nc6 38. Nfd4 Nxd4 39. Nxd4 Be7 40. f5 gxf5 41. gxf5 exf5 42. Nxf5 Bf8 43. Kd4 Ke6 44. Ne3 Bg7 45. Nxd5 Bxe5+ 46. Kc4 a5 47. Ne3 Bf4 48. Ng2 Bd2 49. Kd3 Bc3 50. Ke4 Bd2 51. Kd3 Bc3 52. Ke4 Bd2 1/2-1/2

[Event "Mittelrhein Verbandsliga-W 16/17"]
[Site "Nordrheinwestfalen"]
[Date "2017.03.19"]
[Round "9.3"]
[White "Laschewski, Andreas"]
[Black "Horbach, Fabian"]
[Result "1/2-1/2"]
[WhiteElo "1965"]
[BlackElo "2000"]
[PlyCount "53"]
[EventDate "2016.09.11"]
[EventType "team-tourn"]
[EventRounds "11"]
[EventCountry "GER"]
[SourceTitle "EXT 2022"]
[Source "ChessBase"]
[SourceDate "2021.10.06"]
[SourceVersion "1"]
[SourceVersionDate "2021.10.06"]
[SourceQuality "1"]
[WhiteTeam "Pulheim"]
[BlackTeam "Herzogenrath"]
[WhiteTeamCountry "GER"]
[BlackTeamCountry "GER"]

1. d4 Nf6 2. Nf3 e6 3. Bg5 Be7 4. Nbd2 d5 5. e3 0-0 6. Bd3 c5 7. c3 b6 8. Qe2 a5 9. Ne5 h6 10. Bh4 Nfd7 11. Bxe7 Qxe7 12. f4 Nxe5 13. fxe5 Ba6 14. Bxa6 Nxa6 15. 0-0 Nc7 16. Rf4 f5 17. exf6 Rxf6 18. Nf3 Qd6 19. Rxf6 gxf6 20. Nh4 Qe7 21. Rf1 f5 22. Ng6 Qf6 23. Ne5 Kh7 24. Rf4 Rg8 25. Kh1 Ne8 26. Nd7 Qd8 27. Ne5 1/2-1/2

[Event "Mittelrhein Verbandsliga-W 15/16"]
[Site "Nordrheinwestfalen"]
[Date "2016.05.01"]
[Round "11.2"]
[White "Coenen, Norbert"]
[Black "Laschewski, Andreas"]
[Result "1-0"]
[WhiteElo "2262"]
[BlackElo "1977"]
[PlyCount "51"]
[EventDate "2015.09.06"]
[EventType "team-tourn"]
[EventRounds "11"]
[EventCountry "GER"]
[SourceTitle "EXT 2022"]
[Source "ChessBase"]
[SourceDate "2021.10.06"]
[SourceVersion "1"]
[SourceVersionDate "2021.10.06"]
[SourceQuality "1"]
[WhiteTeam "Aachen SV II"]
[BlackTeam "Pulheim"]
[WhiteTeamCountry "GER"]
[BlackTeamCountry "GER"]

1. e4 c5 2. Nf3 Nc6 3. Bb5 Nd4 4. Nxd4 cxd4 5. 0-0 g6 6. c3 Bg7 7. cxd4 Bxd4 8. Nc3 e6 9. Ne2 Bg7 10. d4 Ne7 11. Bf4 0-0 12. Rc1 f5 13. Bc7 Qe8 14. Nc3 fxe4 15. Nxe4 Nd5 16. Bd6 Rf5 17. Bg3 Qd8 18. Nd6 Qb6 19. Rxc8+ Rxc8 20. Bxd7 Rd8 21. Bxe6+ Kf8 22. Bxf5 gxf5 23. Nxf5 Qxb2 24. Nxg7 Kxg7 25. Qg4+ Kf7 26. Qh5+ 1-0

[Event "Mittelrhein Verbandsliga-W 15/16"]
[Site "Nordrheinwestfalen"]
[Date "2016.04.10"]
[Round "10.3"]
[White "Effer Uhe, Daniel"]
[Black "Laschewski, Andreas"]
[Result "1/2-1/2"]
[WhiteElo "1982"]
[BlackElo "1977"]
[PlyCount "57"]
[EventDate "2015.09.06"]
[EventType "team-tourn"]
[EventRounds "11"]
[EventCountry "GER"]
[SourceTitle "EXT 2022"]
[Source "ChessBase"]
[SourceDate "2021.10.06"]
[SourceVersion "1"]
[SourceVersionDate "2021.10.06"]
[SourceQuality "1"]
[WhiteTeam "Erftstadt SV"]
[BlackTeam "Pulheim"]
[WhiteTeamCountry "GER"]
[BlackTeamCountry "GER"]

1. e4 c5 2. Nc3 Nc6 3. f4 d6 4. Bb5 Bd7 5. Nf3 g6 6. 0-0 Bg7 7. d3 Nd4 8. Bxd7+ Qxd7 9. Nd5 e6 10. Ne3 Ne7 11. f5 exf5 12. c3 Nxf3+ 13. Qxf3 f4 14. Qxf4 0-0 15. Qg5 f6 16. Qg4 Qxg4 17. Nxg4 d5 18. exd5 Nxd5 19. Bh6 Bxh6 20. Nxh6+ Kg7 21. Ng4 Rae8 22. Rae1 h5 23. Rxe8 Rxe8 24. Nf2 f5 25. Nd1 Re2 26. Rf2 Re1+ 27. Rf1 Re2 28. Rf2 Re1+ 29. Rf1 1/2-1/2

[Event "Mittelrhein Verbandsliga-W 15/16"]
[Site "Nordrheinwestfalen"]
[Date "2016.02.21"]
[Round "8.2"]
[White "Laschewski, Andreas"]
[Black "Pick, Stefan"]
[Result "1/2-1/2"]
[WhiteElo "1977"]
[BlackElo "2049"]
[PlyCount "106"]
[EventDate "2015.09.06"]
[EventType "team-tourn"]
[EventRounds "11"]
[EventCountry "GER"]
[SourceTitle "EXT 2022"]
[Source "ChessBase"]
[SourceDate "2021.10.06"]
[SourceVersion "1"]
[SourceVersionDate "2021.10.06"]
[SourceQuality "1"]
[WhiteTeam "Pulheim"]
[BlackTeam "Kerpen SK"]
[WhiteTeamCountry "GER"]
[BlackTeamCountry "GER"]

1. c4 e6 2. Nc3 c5 3. Nf3 Nc6 4. g3 Nf6 5. Bg2 Be7 6. 0-0 0-0 7. b3 d5 8. d3 d4 9. Ne4 Nxe4 10. dxe4 e5 11. Ne1 f5 12. Nd3 fxe4 13. Bxe4 Bh3 14. Re1 Bf5 15. Bxc6 bxc6 16. Nxe5 Bd6 17. Nd3 Qf6 18. f3 Rae8 19. Bf4 Bxd3 20. Bxd6 Bxe2 21. Rxe2 Qxd6 22. Qd3 Rxe2 23. Qxe2 a5 24. Re1 a4 25. bxa4 Ra8 26. a5 d3 27. Qe6+ Qxe6 28. Rxe6 Rxa5 29. Rxc6 Rxa2 30. Rd6 d2 31. Kf1 Kf7 32. Ke2 Rc2 33. Rxd2 Rxc4 34. Kd3 Rc1 35. Rc2 Rxc2 36. Kxc2 Ke6 37. Kd3 Kd5 38. Kc3 g5 39. Kd3 h5 40. h3 Ke5 41. Kc4 h4 42. gxh4 gxh4 43. Kxc5 Kf4 44. Kd4 Kxf3 45. Kd3 Kg3 46. Ke3 Kxh3 47. Kf3 Kh2 48. Kf2 Kh1 49. Kf1 h3 50. Kf2 Kh2 51. Kf1 Kg3 52. Kg1 h2+ 53. Kh1 Kh3 1/2-1/2

[Event "Mittelrhein Verbandsliga-W 15/16"]
[Site "Nordrheinwestfalen"]
[Date "2015.12.13"]
[Round "5.2"]
[White "Koch, Frank"]
[Black "Laschewski, Andreas"]
[Result "1-0"]
[WhiteElo "1941"]
[BlackElo "1977"]
[PlyCount "81"]
[EventDate "2015.09.06"]
[EventType "team-tourn"]
[EventRounds "11"]
[EventCountry "GER"]
[SourceTitle "EXT 2022"]
[Source "ChessBase"]
[SourceDate "2021.10.06"]
[SourceVersion "1"]
[SourceVersionDate "2021.10.06"]
[SourceQuality "1"]
[WhiteTeam "Dueren Derichsweiler"]
[BlackTeam "Pulheim"]
[WhiteTeamCountry "GER"]
[BlackTeamCountry "GER"]

1. e4 Nf6 2. e5 Nd5 3. d4 d6 4. c4 Nb6 5. exd6 cxd6 6. Nc3 g6 7. Be3 Bg7 8. Rc1 0-0 9. b3 Bf5 10. Be2 Nc6 11. d5 Nb4 12. Qd2 Re8 13. Nf3 Na6 14. 0-0 Nc5 15. Bd4 Bxd4 16. Nxd4 Bd7 17. f4 e6 18. dxe6 fxe6 19. Bf3 e5 20. Ndb5 e4 21. Be2 Bc6 22. Qe3 a6 23. Nd4 Qe7 24. b4 Nd3 25. Nxc6 bxc6 26. Bxd3 exd3 27. Qxb6 d2 28. Rcd1 c5 29. Nd5 Qe2 30. Nf6+ Kg7 31. Nxe8+ Rxe8 32. Qxd6 Qxc4 33. Qd7+ Qf7 34. Qxf7+ Kxf7 35. Rxd2 cxb4 36. Rd7+ Kg8 37. f5 gxf5 38. Rxf5 Rb8 39. h4 Rb6 40. Rc5 Rb8 41. h5 1-0

[Event "Regionalliga Mittelrhein 1213"]
[Site "Germany"]
[Date "2012.10.21"]
[Round "3.2"]
[White "Laschewski, Andreas"]
[Black "Schmidt, Martin3"]
[Result "0-1"]
[WhiteElo "2008"]
[BlackElo "2205"]
[PlyCount "90"]
[EventDate "2012.09.09"]
[EventType "team"]
[EventRounds "11"]
[EventCountry "GER"]
[SourceTitle "EXT 2015"]
[Source "ChessBase"]
[SourceDate "2014.11.20"]
[SourceVersion "1"]
[SourceVersionDate "2014.11.20"]
[SourceQuality "1"]
[WhiteTeam "Pulheim"]
[BlackTeam "Gruenfeld"]
[WhiteTeamCountry "GER"]
[BlackTeamCountry "GER"]

1. c4 e5 2. Nc3 Bb4 3. Nd5 Be7 4. d4 d6 5. e4 c6 6. Nxe7 Qxe7 7. Be3 Nf6 8. f3 0-0 9. d5 b5 10. dxc6 bxc4 11. Bxc4 Nxc6 12. Ne2 Bb7 13. Qd2 d5 14. exd5 Rfd8 15. 0-0 Qb4 16. Qxb4 Nxb4 17. Bg5 Rac8 18. Rac1 Nbxd5 19. Bxd5 Bxd5 20. Rxc8 Rxc8 21. Bxf6 gxf6 22. Nc3 Be6 23. Rd1 Kg7 24. Rd2 f5 25. Kf2 Rc4 26. Ke3 f4+ 27. Kf2 f5 28. g3 fxg3+ 29. Kxg3 h5 30. a3 h4+ 31. Kf2 Kf6 32. Ke3 Rc8 33. Rd6 Rg8 34. b4 h3 35. b5 Rg2 36. Rd2 f4+ 37. Kd3 Bf5+ 38. Ne4+ Bxe4+ 39. fxe4 Rg3+ 40. Kc4 Rxa3 41. Rd6+ Ke7 42. Rc6 f3 43. Kd5 f2 44. Rc1 Kf6 45. Rf1 Ra2 0-1

[Event "Mittelrhein Verbandsliga-W 1112"]
[Site "Germany"]
[Date "2011.09.18"]
[Round "1.4"]
[White "Laschewski, Andreas"]
[Black "Horbach, Fabian"]
[Result "1-0"]
[WhiteElo "2034"]
[BlackElo "1801"]
[PlyCount "101"]
[EventDate "2011.09.18"]
[EventType "team-tourn"]
[EventRounds "11"]
[EventCountry "GER"]
[SourceTitle "EXT 2013"]
[Source "ChessBase"]
[SourceDate "2012.11.22"]
[SourceVersion "1"]
[SourceVersionDate "2012.11.22"]
[SourceQuality "1"]
[WhiteTeam "Pulheim"]
[BlackTeam "Herzogenrath"]
[WhiteTeamCountry "GER"]
[BlackTeamCountry "GER"]

1. c4 Nf6 2. Nc3 e5 3. g3 d5 4. cxd5 Nxd5 5. Bg2 Nb6 6. Nf3 Nc6 7. 0-0 Be6 8. b3 f6 9. Bb2 Qd7 10. Rc1 0-0-0 11. d3 g5 12. Ne4 Be7 13. Qc2 Rhg8 14. Nc5 Bxc5 15. Qxc5 Bh3 16. a4 Bxg2 17. Kxg2 Qd5 18. Qxd5 Rxd5 19. Bc3 Rgd8 20. h3 h6 21. Rc2 a5 22. Rfc1 R5d7 23. Nd2 Nd5 24. Nc4 Ncb4 25. Bxb4 axb4 26. Ne3 Nc3 27. Ng4 Rf8 28. Nxh6 f5 29. g4 f4 30. Nf5 c5 31. Rh1 Kc7 32. h4 Rxf5 33. gxf5 g4 34. Rxc3 bxc3 35. Rc1 Kd6 36. Rxc3 Rh7 37. e3 Rxh4 38. exf4 exf4 39. Rc4 Rh3 40. Rxf4 Ke5 41. Rxg4 Rxd3 42. Rg3 Rd7 43. Rf3 Rg7+ 44. Kf1 Ke4 45. Ke2 Rf7 46. f6 Kd4 47. Kf1 b6 48. Kg2 Ke5 49. Kg3 Ke6 50. Kg4 Rd7 51. f7 1-0

[Event "Ghent op 19th"]
[Site "Ghent"]
[Date "1996.??.??"]
[Round "2"]
[White "Laschewski, Andreas"]
[Black "Goormachtigh, Johan"]
[Result "0-1"]
[WhiteElo "1975"]
[BlackElo "2310"]
[PlyCount "34"]
[EventDate "1996.07.20"]
[EventType "swiss"]
[EventRounds "8"]
[EventCountry "BEL"]
[SourceTitle "EXT 2004"]
[Source "ChessBase"]
[SourceDate "2003.11.25"]
[SourceVersion "1"]
[SourceVersionDate "2003.11.25"]
[SourceQuality "1"]

1. d4 Nf6 2. Nf3 g6 3. Bf4 Bg7 4. Nc3 d5 5. e3 0-0 6. Be2 c5 7. Qd2 cxd4 8. exd4 Nc6 9. Ne5 Bf5 10. h4 Rc8 11. h5 gxh5 12. Bxh5 Nxh5 13. Rxh5 Bg6 14. Nxg6 fxg6 15. Rxd5 Qb6 16. 0-0-0 Nb4 17. Kb1 Rxc3 0-1